| 000 | 00505nam a22001935i 4500 | ||
|---|---|---|---|
| 001 | 81427 | ||
| 003 | ES-MaACL | ||
| 005 | 20250716062622.0 | ||
| 007 | t| | ||
| 008 | 041104s1970 sp ||||0| spa d | ||
| 040 |
_aM-BN _bspa _cM-BN |
||
| 100 | 1 |
_aHugo, Victor, _d1802-1885 _964627 |
|
| 245 | 1 | 3 |
_aEl sueƱo del Papa / _cVictor Hugo. |
| 260 |
_a[Barcelona] : _bMateu, _c[1970] |
||
| 300 |
_a145 p. ; _c18 cm. |
||
| 852 |
_aES-MaACL _jC-44315 _bR.75258 |
||
| 999 |
_c81427 _d81427 |
||